<?xml version="1.0" encoding="UTF-8"?>
<collection xmlns="http://www.loc.gov/MARC21/slim">
 <record>
  <leader>00547pamaa2200181   4500</leader>
  <controlfield tag="001">0000031851</controlfield>
  <controlfield tag="005">20090911090000.0</controlfield>
  <datafield tag="020" ind1="0" ind2="0">
   <subfield code="a">015508155 </subfield>
  </datafield>
  <datafield tag="082" ind1=" " ind2=" ">
   <subfield code="a">709 KLE</subfield>
  </datafield>
  <datafield tag="090" ind1="0" ind2="0">
   <subfield code="a">N5300 </subfield>
   <subfield code="b">KLE 2001</subfield>
  </datafield>
  <datafield tag="100" ind1="1" ind2="0">
   <subfield code="a">Kleiner </subfield>
  </datafield>
  <datafield tag="245" ind1="1" ind2="2">
   <subfield code="a">Gardner's art through the ages  </subfield>
   <subfield code="c">Fred S. Kleiner, Christin J. Mamiya and Richard G. Tansey.</subfield>
  </datafield>
  <datafield tag="250" ind1="0" ind2="0">
   <subfield code="a">11th ed.</subfield>
  </datafield>
  <datafield tag="260" ind1="0" ind2="0">
   <subfield code="a">Orlando: </subfield>
   <subfield code="b">Horcourt College Publishers, </subfield>
   <subfield code="c">2001.</subfield>
  </datafield>
  <datafield tag="300" ind1=" " ind2=" ">
   <subfield code="a">xlvii, 1198p.: </subfield>
   <subfield code="b">col. ill.; </subfield>
   <subfield code="c">30cm.</subfield>
  </datafield>
  <datafield tag="650" ind1="0" ind2="0">
   <subfield code="a">Art -- </subfield>
   <subfield code="x">History </subfield>
  </datafield>
  <datafield tag="700" ind1="1" ind2="1">
   <subfield code="a">Mamiya, </subfield>
   <subfield code="h">Christin J </subfield>
  </datafield>
  <datafield tag="700" ind1="1" ind2="1">
   <subfield code="a">Tansey, </subfield>
   <subfield code="h">Richard G. </subfield>
  </datafield>
 </record>
</collection>
